000 01003nam a2200229Ia 4500
001 L200-53326
003 IT-CnALBA
008 170116s9999||||xx |||||||||||||| ||und||
040 _aIT-CnALBA
_cIT-CnALBA
041 _aITALIANO
100 _aRAVASI GIANFRANCO
245 0 _aLA BIBBIA PER LA FAMIGLIA. VOL. VI. PROVERBI. QOHELET. CANTICO DEI CANTICI...
250 _a1a ed.
260 _aCINISELLO BALSAMO (MI)
_bPERIODICI SAN PAOLO ED.
_c1996 [1° Ed.:1996 - Ed.Ling.Originale: 1996]
300 _a332 p.
500 _a... SAPIENZA SIRACIDE. LIBRI SAPIENZIALI, POETICI. PROVERBI. NUOVISSIMA VERSIONE DELLA BIBBIA. ILLUSTRAZIONI DELLA BIBBIA.
501 _aSocietà San Paolo EM - Piazza San Paolo, 14 - 12051 ALBA (CN) (non commercial uses only) ® Copyright 2017
520 _a... SAPIENZA SIRACIDE. LIBRI SAPIENZIALI, POETICI. PROVERBI. NUOVISSIMA VERSIONE DELLA BIBBIA. ILLUSTRAZIONI DELLA BIBBIA.
650 _aRELIGIONE - RELIGIONE CRISTIANA
942 _cBK
957 _71
999 _a70816
_bNO
_g Copie: 1
_c312207
_d312207